000 00623nas a2200217 4500
001 BR9211454
003 BR-BrBNA
005 20231205093459.0
007 ta
008 230509b bl.|||p| |||| 00| 00por d
040 _aBR-BrBNA
_bpor
_cBiblioteca Nacional de Agricultura
041 _a(Pt)
072 _aQ02
100 1 _aLage, N.
245 1 _aAs embalagens no Brasil. Do cafe, evidentemente
650 _aCAFE
650 _aEMBALAGEM
773 0 _tRevista do Comercio de Cafe (Brazil)
_xISSN 0034-9224
_g(Nov 1986), v. 66(726) p. 18
_wBR9211454
909 _a202311
_bLúcia
_c55
_dLúcia Elande
942 _2AGRIS
_n0
_cANA
999 _c138663
_d138663